Common Law in Sudan (Record no. 4895)

MARC details
000 -LEADER
fixed length control field 00594nam a2200229 a 4500
020 ## - INTERNATIONAL STANDARD BOOK NUMBER
ISBN
082 00 - DEWEY DECIMAL CLASSIFICATION NUMBER
Classification number 349.09624
Author Cutter MUS
100 ## - MAIN ENTRY--AUTHOR NAME
Author name Mustafa, Zaki
245 ## - TITLE STATEMENT
Title Common Law in Sudan
Sub title An Account of the Justice, Equity and Good Conscience
260 ## - PUBLICATION, DISTRIBUTION, ETC. (IMPRINT)
Place of publication Oxford
Name of publisher Clarendon Pressa
Year of publication 1971
300 ## - PHYSICAL DESCRIPTION
Number of Pages 272p
500 ## - GENERAL NOTE
General note includes index and biblioraphy
650 ## - SUBJECT ADDED ENTRY--TOPICAL TERM
Topical Term Land-Sudan
942 ## - ADDED ENTRY ELEMENTS (KOHA)
Koha item type Books
700 1# -
-- Mustafa, Zaki
Holdings
Collection code Home library Current library Date acquired Cost, normal purchase price Full call number Accession Number Koha item type
  Henry Martyn Institute Library Henry Martyn Institute Library 11/17/2009 100.00 349.09624 MUS 09058 Books
                   Copyright © 2026 | Henry Martyn Institute | Hyderabad | TS-500052 | INDIA | Implemented by hmi.edu.in
Hit-Count:

Powered by Koha